|
|
|
|
| LEADER |
00000nam0a2200000 4500 |
| 001 |
138032 |
| 005 |
20231031141251.0 |
| 010 |
|
|
|a 5853110128
|
| 020 |
|
|
|a RU
|b 94-7285
|
| 035 |
|
|
|a (RuTPU)RU\TPU\book\149570
|
| 090 |
|
|
|a 138032
|
| 100 |
|
|
|a 20080519d1994 m y0rusy5003 ca
|
| 101 |
1 |
|
|a rus
|c eng
|
| 102 |
|
|
|a RU
|
| 105 |
|
|
|a a z 000ay
|
| 200 |
1 |
|
|a Варавва
|e Исторический роман времен Иисуса Христа
|e в 2 ч.
|f М. Корелли
|g пер. с англ. княгиня Е. Ф. Кропоткина ; худож. А. В. Разумов
|
| 210 |
|
|
|a Москва
|c Зенит
|d 1994
|
| 215 |
|
|
|a 285,[1] с.
|d 21 см
|c ил.
|
| 225 |
1 |
|
|a Страницы истории
|
| 300 |
|
|
|a Имя авт. установлено по изд.: Варавва / М. Корелли. - М.: Протестант, 1991
|
| 610 |
1 |
|
|a Римская империя
|
| 610 |
1 |
|
|a Христианство
|
| 610 |
1 |
|
|a Исторические романы и рассказы
|
| 610 |
1 |
|
|a 1 век
|
| 610 |
1 |
|
|a исторические романы
|
| 675 |
|
|
|a 82
|z rus
|
| 700 |
|
1 |
|a Корелли
|b М.
|g Мария
|4 070
|
| 702 |
|
1 |
|a Кропоткина
|b Е. Ф.
|4 730
|
| 702 |
|
1 |
|a Разумов
|b А. В.
|4 440
|
| 801 |
|
0 |
|a RU
|b RuMRKP
|c 19950413
|g psbo
|
| 801 |
|
1 |
|a RU
|b 63413507
|c 20080519
|g PSBO
|
| 801 |
|
2 |
|a RU
|b 63413507
|c 20080519
|g PSBO
|
| 942 |
|
|
|c BK
|